Vista normal Vista MARC

Entrada Topical Term

Número de registros utilizados en: 2

001 - CONTROL NUMBER

  • control field: 8962

003 - CONTROL NUMBER IDENTIFIER

  • control field: OSt

005 - DATE AND TIME OF LATEST TRANSACTION

  • control field: 20200819180757.0

008 - FIXED-LENGTH DATA ELEMENTS

  • fixed length control field: 200819|| aca||aabn | a|a d

040 ## - CATALOGING SOURCE

  • Original cataloging agency: OSt
  • Transcribing agency: OSt

150 ## - HEADING--TOPICAL TERM

  • Topical term or geographic name entry element: Sistema de seguridad social

670 ## - SOURCE DATA FOUND

  • Source citation: Work cat.: (OSt)6034: Helmsdorff, Loredana, autora 8961, Ampliación de cobertura del sistema pensional colombiano y atención al adulto mayor /, 2007.